|
|
|
|
| LEADER |
02645nam a2200601 a 4500 |
| 001 |
nkc20091991101 |
| 003 |
CZ PrNK |
| 005 |
20111207084224.0 |
| 007 |
ta |
| 008 |
090825s2009 xr f 101 0 eng |
| 015 |
|
|
|a cnb001991101
|
| 020 |
|
|
|a 978-80-86908-16-8
|q (Výzkumný ústav pícninářský ;
|q brož.)
|
| 035 |
|
|
|a (OCoLC)465276348
|
| 040 |
|
|
|a BOA001
|b cze
|d ABA001
|
| 072 |
|
7 |
|a 633
|x Rostlinná výroba
|2 Konspekt
|9 24
|
| 080 |
|
|
|a 633.2/.3
|2 MRF
|
| 080 |
|
|
|a 633.2.033
|2 MRF
|
| 080 |
|
|
|a 502/504
|2 MRF
|
| 080 |
|
|
|a 574.4(254)
|2 MRF
|
| 080 |
|
|
|a 574.4(23.0)
|2 MRF
|
| 080 |
|
|
|a (062.534)
|2 MRF
|
| 080 |
|
|
|a (048.3)
|2 MRF
|
| 110 |
2 |
|
|a European Grassland Federation.
|b International Symposium
|n (15. :
|d 2009 :
|c Brno, Česko)
|7 uzp2009504158
|
| 245 |
1 |
0 |
|a Alternative Functions of Grassland :
|b International Occasional Symposium European Grassland Federation : Brno, Czech Republic, 7-9 September 2009 : book of abstracts /
|c edited by Bohumír Cagaš, Radek Macháč, Jan Nedělník
|
| 246 |
3 |
|
|a EGF International Occasional Symposium 2009
|
| 246 |
3 |
0 |
|a International Occasional Symposium European Grassland Federation
|
| 246 |
1 |
4 |
|a EGF 2009
|
| 260 |
|
|
|a Troubsko :
|b Research Institute for Fodder Crops ;
|a At Zubri :
|b OSEVA PRO, Grassland Research Station,
|c 2009
|
| 300 |
|
|
|a 70 s. ;
|c 24 cm
|
| 500 |
|
|
|a Obsahuje rejstřík
|
| 650 |
0 |
7 |
|a pícninářství
|7 ph115974
|x environmentální aspekty
|2 czenas
|
| 650 |
0 |
7 |
|a pastvinářství
|7 ph115689
|x environmentální aspekty
|2 czenas
|
| 650 |
0 |
7 |
|a luční ekosystémy
|7 ph122471
|2 czenas
|
| 650 |
0 |
7 |
|a horské ekosystémy
|7 ph120808
|2 czenas
|
| 650 |
0 |
9 |
|a grazing
|x environmental aspects
|2 eczenas
|
| 650 |
0 |
9 |
|a pasture management
|x environmental aspects
|2 eczenas
|
| 650 |
0 |
9 |
|a grassland ecosystems
|2 eczenas
|
| 650 |
0 |
9 |
|a mountain ecosystems
|2 eczenas
|
| 655 |
|
7 |
|a sborníky konferencí
|7 fd133333
|2 czenas
|
| 655 |
|
7 |
|a abstrakta
|7 fd131780
|2 czenas
|
| 655 |
|
9 |
|a proceedings of conferences
|2 eczenas
|
| 655 |
|
9 |
|a abstracts
|2 eczenas
|
| 700 |
1 |
|
|a Cagaš, Bohumír,
|d 1946-
|7 ola200207943
|4 edt
|
| 700 |
1 |
|
|a Macháč, Radek
|7 uzp2009504057
|4 edt
|
| 700 |
1 |
|
|a Nedělník, Jan,
|d 1958-
|7 uzp2008440433
|4 edt
|
| 856 |
4 |
1 |
|u http://www.digitalniknihovna.cz/mzk/uuid/uuid:601b40b0-029c-11e4-9789-005056827e52
|y Digitalizovaný dokument
|x NDK
|
| 910 |
2 |
|
|a BOA001
|b 2-1229.566
|
| 928 |
9 |
|
|a OSEVA PRO, Výzkumná stanice travinářská Rožnov-Zubří
|
| 928 |
9 |
|
|a Výzkumný ústav pícninářský
|
| 990 |
|
|
|a BK
|
| 995 |
|
|
|a 01
|
| 991 |
|
|
|b 200910
|c NOV
|
| 996 |
6 |
|
|b 2610391750
|c 2-1229.566
|l MZK
|r Sklad / do 1 hodiny
|n 4
|p p.v.
|w 000966529
|u 000010
|a 1
|e BOA001
|j MZK50
|s P
|